She - Tyler, the Creator (lyrics) - Statistics

General Stats
  • This quiz has been taken 1,688 times
    1,093 since last reset
  • The average score is 317 of 494
Answer Stats
Lyrics % Correct
i
98%
a
97%
the
96%
The
96%
be
92%
in
92%
on
92%
she
90%
you
90%
he
89%
girl
87%
girl,
87%
when
87%
your
86%
out
85%
to
85%
bed
84%
my
84%
and
82%
no
81%
so
80%
gold
79%
cock
78%
window
78%
after
77%
block
77%
brown
77%
new
77%
open
77%
see
77%
See
77%
sleeping,
77%
sleeping
77%
that
77%
by
76%
over
76%
black
75%
night
75%
glock
74%
moved
74%
shower
74%
you're
74%
back
73%
hours
73%
just
73%
Last
73%
plotting
73%
sex
73%
shot
73%
wide
73%
yourself
73%
air
72%
all
72%
can
72%
can`
72%
golden
72%
pulled
72%
sword
72%
there's
72%
touch
72%
been
71%
Blinds
71%
dark
71%
during
71%
na-na
71%
of
71%
pockets
71%
waist
71%
fresh
70%
overheard
70%
with
70%
bedroom
69%
hers
69%
man
69%
slept
69%
blood
68%
body
68%
allowed
67%
alone
67%
denim
67%
me
67%
rubbers
67%
these
67%
two
67%
two,
67%
but,
66%
but
66%
if
66%
one
66%
One,
66%
probably
66%
naked
65%
ninja
65%
off
65%
pow
65%
rolled
65%
sheets
65%
from
64%
at
63%
it
63%
three
63%
three,
63%
check
62%
real
62%
sliced
62%
want
62%
he's
61%
is
61%
gash
60%
i'm
60%
was
59%
mask
58%
spilling
58%
supreme
58%
blade
57%
nunchucks
57%
up
57%
ain't
56%
get
56%
that's
56%
red
55%
trying
55%
ex
54%
five,
54%
stars
54%
four,
53%
pistol
53%
seven,
53%
six,
53%
wanna
53%
we
53%
"we"
53%
looked
52%
patch
52%
for
51%
own
51%
should
51%
got
50%
Now
50%
glass
49%
as
48%
eight
48%
nutbust
47%
sprinting
47%
us
47%
grass
46%
say
46%
shit
45%
fuck
44%
it's
44%
them
43%
cause
42%
then
42%
this
42%
down
41%
gorgeous
41%
right
39%
ask
38%
bites
38%
earth
38%
him
38%
talk
38%
wiser
38%
bullets
37%
guessing
37%
kisses
37%
exit
36%
like
36%
tonight
36%
dude
35%
motherfucking
35%
baby
34%
don't
34%
nigga
34%
kick
33%
love
33%
seen
33%
(cunt)
32%
give
32%
happiest
31%
conversate
30%
i'll
30%
intentions
30%
(swag)
30%
tell
30%
yes
30%
decide
29%
take
29%
date
28%
diss
28%
friends
28%
masturbate
28%
punk
28%
pussy
28%
really
28%
about
27%
act
27%
because
27%
chill
27%
problems
27%
quicker
27%
couldn't
26%
courage
26%
light
26%
making
26%
songs
26%
stalk
26%
turning
26%
usually
26%
seem
25%
writing
25%
you'll
25%
drag
24%
front
24%
including
24%
lifeless
24%
put
24%
finally
23%
top
23%
forest
22%
fornicate
21%
lake
21%
little
21%
meet
21%
around
20%
ones
20%
ten
20%
come
19%
hits
19%
i've
19%
pretend
19%
pretty
19%
skinny
19%
time
19%
hard
18%
game
17%
things
17%
waiting
17%
adventure
16%
dipping
16%
finn
16%
are
14%
simps
14%
broad
13%
begin
12%
fall
12%
into
12%
place
12%
let
11%
drums
9%
future
9%
hitting
9%
No matching quizzes found
Score Distribution
Percent of People with Each Score
Percentile by Number Answered
Your Score History
You have not taken this quiz since the last reset